000 01303namaa22003131i 4500
005 20260224111411.0
008 260202s1996 ua a|||fr|m|| 000 0 eng d
040 _aEG-GICUC
_beng
_cEG-GICUC
_dEG-GICUC
_erda
041 0 _aeng
_beng
_bara
049 _aDeposit
097 _aM.Sc
099 _aCai01.10.09.M.Sc.1996.Ne.S.
100 0 _aNelly Omar Aly Mohamed El-Sayed,
_epreparation.
245 1 0 _aStudies on the role of viruses in calf diarroea /
_cBy Nelly Omar Aly Mohamed El-Sayed; Supervised Prof. Dr. Adel Abd El-Azeme Fayed, Prof. Dr. Fateheia Mohamed Mohamed
246 1 5 _aدراسات عن دور الفيروسات فى اسهال العجول
264 0 _c1996.
300 _a135 Leaves :
_billustrations ;
_c30 cm. +
336 _2rda content
_atext
337 _2rdamedia
_aUnmediated
338 _2rdacarrier
_avolume
502 _aThesis (M.Sc.)-Cairo University, 1996
504 _aBibliography: pages 101 : 135
653 0 _aDiseases
_aCalf diarroea
700 0 _aAdel Abd El-Azeme Fayed
_ethesis advisor.
700 0 _aFateheia Mohamed Mohamed
_ethesis advisor.
900 _DDepartment of Infectious Diseases
_FFaculty of Medicine
_UCairo University
_b1996
_cAdel Abd El-Azeme Fayed
_cFateheia Mohamed Mohamed
905 _aNagat
_eNourhan
942 _2ddc
_cTH
_e21
_n0
999 _c178118